000 00817nas a2200289 4500
001 BR0804374
003 BR-BrBNA
005 20231205112336.0
007 ta
008 230509b bl.|||p| |||| 00| 00por d
040 _aBR-BrBNA
_bpor
_cBiblioteca Nacional de Agricultura
041 _a(Pt)
072 _aQ03
100 1 _aZocche, F.
100 1 _aFrança, F.C.
100 1 _aSilva, W.P. da
245 1 _aEnterotoxinas e intoxicação alimentar estafilocócica
650 _aINTOXICAÇÃO ALIMENTAR
650 _aESTAFILOCOCO
650 _aBACTÉRIA
650 _aDOENÇA
650 _aSINTOMA
650 _aRIO GRANDE DO SUL
773 0 _tHigiene Alimentar (Brazil)
_xISSN 0101-9171
_g(Nov 2007), v. 21(156) p. 63-70
_wBR0804374
909 _a202311
_bLúcia
_c55
_dLúcia Elande
942 _2AGRIS
_n0
_cANA
999 _c197534
_d197534